ბათუმის შოთა რუსთაველის სახელმწიფო უნივერსიტეტის ბიბლიოთეკა

Бетонные железобетонные работы. (ბიბ.ჩანაწერი № 42557)

000 -LEADER
fixed length control field 00627nam a2200205Ia 4500
001 - CONTROL NUMBER
control field 9256
003 - CONTROL NUMBER IDENTIFIER
control field GE_BSU
008 - FIXED-LENGTH DATA ELEMENTS--GENERAL INFORMATION
fixed length control field 181216s||||||||xx |||||||||||||| ||und||
040 ## - CATALOGING SOURCE
Transcribing agency GE_BSU
080 ## - UNIVERSAL DECIMAL CLASSIFICATION NUMBER
Universal Decimal Classification number 693.54
100 ## - MAIN ENTRY--PERSONAL NAME
Personal name Леви,С.С. Рабинович,С.Г. Совалов,И.Г.
245 ## - TITLE STATEMENT
Title Бетонные железобетонные работы.
250 ## - EDITION STATEMENT
Edition statement Изд. 2-е, испр. и перераб.
260 ## - PUBLICATION, DISTRIBUTION, ETC.
Place of publication, distribution, etc. М.
260 ## - PUBLICATION, DISTRIBUTION, ETC.
Name of publisher, distributor, etc. Стройиздат.
260 ## - PUBLICATION, DISTRIBUTION, ETC.
Date of publication, distribution, etc. 1974.
300 ## - PHYSICAL DESCRIPTION
Extent 288 стр. с илл. 21см.
653 ## - INDEX TERM--UNCONTROLLED
Uncontrolled term Бетонные железобетонные работы.
942 ## - ADDED ENTRY ELEMENTS (KOHA)
Koha item type წიგნი
ეგზემპლარები
Withdrawn status Lost status Damaged status Not for loan Date acquired Barcode Date last seen Price effective from Koha item type
        2018-12-17 10026 2018-12-17 2018-12-17 წიგნი
        2018-12-17 10027 2018-12-17 2018-12-17 წიგნი
        2018-12-17 10028 2018-12-17 2018-12-17 წიგნი